000 00683nam a2200217Ia 4500
003 OSt
005 20220926000823.0
006 a|||||r|||| 00| 0
007 ta
008 220923b |||||||| |||| 00| 0 eng d
037 _cGeneral Book
040 _aRTL
_cRTL
_beng
041 _2eng
_aeng
082 _aU475:(L:46).242.N8, M6/TD
100 _aAggarwal Surinder K.
_9303048
245 0 _aGoe-Ecology of malnutrition
_bA study of the Haryana Children
260 _a New Delhi
_bInter-India Publications India
_c1986
300 _a140p.
_ccm.
942 _hU475:(L:46).242.N8, M6/TD
_cGB
_2CC
999 _c599827
_d599827